000 00224nam a2200097Ia 4500
005 20251222121410.0
008 251222s1900||||xx |||||||||||||| ||spa||
082 _aDVD0070/R25/1990
245 0 _aCyrano de Bergerac:
942 _cDVD
999 _c2492
_d2492